000 00655nam a2200241 i 4500
001 C2-0118783
003 PPAK
005 20180727111508.0
008 970803s1964 ilua|||| ||||| | eng d
040 _aPPAK
_beng
_cPPAK
_erda
082 0 4 _a604.24
_223
090 0 0 _a604.24
_bGIA
_dG
100 1 _aGiachino, J. W.,
_eauthor
245 1 0 _aDrafting Technology
264 1 _aIllinois :
_bAmerican Technical Society ,
_c1964
300 _a442 pages :
_billustrations ;
_c23 cm
336 _2rdacontent
_atext
337 _2rdamedia
_aunmediated
338 _2rdacarrier
_avolume
650 1 0 _aElectronic drafting
700 _eauthor
942 _ddc
_cB
999 _c32547
_d32547